000 01050cam a2200421 4500
001 ABS67720
008 040429n2004 000 0 eng u
035 _a(Sirsi) u126059
245 _aFocus: Thames Valley
260 _c2004
490 _aEstates Gazette
_v(0416) 17 April 2004, 63-85(14)
590 _aABS
590 _aABS
650 _aTHAMES VALLEY
650 _aGREATER LONDON
650 _aREADING
650 _aBRACKNELL
650 _aSLOUGH
650 _aOXFORDSHIRE
650 _aHAMPSHIRE
650 _aWINDSOR
650 _aMAIDENHEAD
650 _aWILTSHIRE
650 _aNEWBURY
650 _aOFFICE OCCUPIERS
650 _aOFFICE MARKET
650 _aPROPERTY-COMMERCIAL PROPERTY-RETAIL PROPERTY-RETAIL PROPERTY MARKET
650 _aHOUSING
650 _aEXPERIAN
650 _aFORECAST
650 _aRENTAL GROWTH
650 _aCAPITAL GROWTH
650 _aTOTAL RETURNS
650 _aLABOUR SHORTAGES
650 _aDEMOGRAPHICS
690 _aCOMMERCIAL PROPERTY-MARKET
942 _n0
999 _c117272
_d117272